ბათუმის შოთა რუსთაველის სახელმწიფო უნივერსიტეტის ბიბლიოთეკა

წმინდა მღვდელმოწამე ვლასი ; წმინდა ევტიქიოს კონსტანტინოპოლელი ; წმინდა გერმანე კონსტანტინოპოლელი ; წმინდა თეოდორე სტუდიელი ; წმინდა გრიგოლ პალამა / (ბიბ.ჩანაწერი № 49627)

000 -ლიდერი
ფიქსირებული სიგრძის საკონტროლო ველი 02517nam a2200325Ia 4500
001 - საკონტროლო ნომერი
საკონტროლო ველი 16559
003 - საკონტროლო ნომრის იდენტიფიკატორი
საკონტროლო ველი GE_BSU
005 - ბოლო ოპერაციის თარიღი და დრო
საკონტროლო ველი 20250213124148.0
008 - ფიქსირებული სიგრძის მონაცემთა ელემენტები - ზოგადი ინფორმაცია
ფიქსირებული სიგრძის საკონტროლო ველი 181216s2015||||ge |||||||||||||| ||geo||
020 ## - წიგნის საერთაშორისო სტანდარტული ნომერი
International Standard Book Number 9789941240867
040 ## - კატალოგიზაციის წყარო
Transcribing agency GE_BSU
041 ## - ენის კოდი
Language code of text/sound track or separate title geo
080 ## - უნივერსალური ათობითი კლასიფიკაციის ინდექსი
Universal Decimal Classification number 27-36 წ-71
245 ## - ცნობა სათაურის შესახებ
Title წმინდა მღვდელმოწამე ვლასი ; წმინდა ევტიქიოს კონსტანტინოპოლელი ; წმინდა გერმანე კონსტანტინოპოლელი ; წმინდა თეოდორე სტუდიელი ; წმინდა გრიგოლ პალამა /
Statement of responsibility, etc შემდგენელი კახაბერ კენკიშვილი ; გარეკანის დიზაინი ეთერ გზირიშვილი.
264 ## - წარმოების, გამოცემის, დისტრიბუციის და სხვა ცნობები
გამოცემის, წარმოების, დისტრიბუციის... ადგილი თბილისი :
გამოცემის, წარმოების, დისტრიბუციის... სახელწოდება პალიტრა L,
გამოცემის, წარმოების, დისტრიბუციის... თარიღი 2015.
300 ## - ფიზიკური აღწერა
Extent 199 გვ. ;
Dimensions 20 სმ.
490 ## - სერიის ცნობა
Series statement საქართველოს იმედი II : ყველა წმინდანი, რომელთა შესახებაც უნდა იცოდე / პროექტის რედაქტორი თამარ მამაცაშვილი ;
Volume number/sequential designation წიგნი 31.
500 ## - ზოგადი შენიშვნა
General note იბეჭდება სრულიად საქართველოს კათოლიკოს-პატრიარქის, უწმინდესისა და უნეტარესის ილია II-ის ლოცვა-კურთხევით
653 ## - INDEX TERM--UNCONTROLLED
Uncontrolled term რელიგია
653 ## - INDEX TERM--UNCONTROLLED
Uncontrolled term წმინდა მღვდელმოწამე ვლასი
653 ## - INDEX TERM--UNCONTROLLED
Uncontrolled term წმინდა ევტიქიოს კონსტანტინოპოლელი
653 ## - INDEX TERM--UNCONTROLLED
Uncontrolled term წმინდა გერმანე კონსტანტინოპოლელი
653 ## - INDEX TERM--UNCONTROLLED
Uncontrolled term წმინდა თეოდორე სტუდიელი
653 ## - INDEX TERM--UNCONTROLLED
Uncontrolled term მინდა გრიგოლ პალამა
700 ## - ADDED ENTRY--PERSONAL NAME
Personal name კენკიშვილი, კახაბერ
Relator term შემდგენელი
9 (RLIN) 24355
700 ## - ADDED ENTRY--PERSONAL NAME
Personal name მამაცაშვილი, თამარ
Relator term პროექტის რედაქტორი
9 (RLIN) 24356
700 ## - ADDED ENTRY--PERSONAL NAME
Personal name გზირიშვილი, ეთერ
Relator term გარეკანის დიზაინერი
9 (RLIN) 24357
942 ## - ADDED ENTRY ELEMENTS (KOHA)
Koha item type წიგნი
Source of classification or shelving scheme
ეგზემპლარები
ჩამოწერის სტატუსი დაკარგული ეგზემპლარის სტატუსი კლასიფიკაციის წყარო ან თაროზე გაწყობის სქემა დაზიანების სტატუსი არ გაიცემა მუდმივი მდებარეობა (დაცვის ადგილი) ამჟამინდელი ადგილსამყოფელი თაროზე განთავსების ადგილი შეძენის თარიღი ღირებულება, შესყიდვის ნორმალური ფასი სრული შენახვის შიფრი შტრიხკოდი ბოლო ოპერაციის თარიღი ეგზემპლარის მიმდევრობითი ნომერი (კეტერი?) ფასის ძალაში შესვლის თარიღი ეგზემპლარის სახეობა საჯარო შენიშვნა
          ბათუმის შოთა რუსთაველის სახელმწიფო უნივერსიტეტის მთავარი ბიბლიოთეკა ბათუმის შოთა რუსთაველის სახელმწიფო უნივერსიტეტის მთავარი ბიბლიოთეკა წიგნსაცავი 2018-12-17 2.00 27-36 წ-71 27687 2018-12-17 27687 2018-12-17 წიგნი 2.00 ₾.